| 000 | 00381cam a2200145ua 4500 | ||
|---|---|---|---|
| 041 |
_aeng _h |
||
| 082 |
_a940 _bMAH/HI |
||
| 100 | _aMahajan, Vidhya Dhar . | ||
| 245 |
_aHistory of modern Europe since 1789 / _cVidya dhar Mahajan. _hTextual Documents |
||
| 260 |
_aNew Delhi : _bS.Chand and Co , _c1968. |
||
| 300 | _a1350 ; . | ||
| 504 | _a | ||
| 942 | _cBK | ||
| 999 |
_c6338 _d6338 |
||